Slovenský Červený kríž
Spolkový mesačník venovaný zdravotníckym otázkam a organizácii zdravotníctva na Slovensku
| New Title: | Zvesti Červeného kríža |
|---|---|
| Format: | Journal |
| Language: | Slovak |
| PhysicalDescription: | 7 zv. 30-42 cm |
| Published: |
Martin
Divízia Slovenského Červeného kríža
1939-1945
V Bratislave Spoločnosť Slovenského červeného kríža Martin Riaditeľstvo Slovenského Červeného kríža |
| Subjects: |
MARC
| LEADER | 00000cas a2200000 a 4500 | ||
|---|---|---|---|
| 001 | vtls010300457 | ||
| 003 | SK-MaSNL | ||
| 005 | 20260228161719.0 | ||
| 008 | 110810d19391945xo zr|per 0 b0slo | ||
| 040 | |a SNK |b slo |c SNK |e AACR2 | ||
| 041 | 0 | |a slo | |
| 043 | |a e-xo--- | ||
| 044 | |a xo |c SK | ||
| 072 | 7 | |a 614 |x Verejné zdravie a hygiena |2 konspekt | |
| 072 | 7 | |a 613 |x Hygiena. Ľudské zdravie |2 konspekt | |
| 080 | |a 614.2 |2 2011 | ||
| 080 | |a 613 |2 2011 | ||
| 080 | |a (051)-027.561 |2 2011 | ||
| 080 | |a 050 |2 2011 | ||
| 245 | 0 | 0 | |a Slovenský Červený kríž |
| 246 | 1 | 1 | |a Slowakische Rote Kreuz |f 1941 |
| 260 | |a Martin |b Divízia Slovenského Červeného kríža |c 1939-1945 | ||
| 260 | 3 | |3 1940-1945 |a V Bratislave |b Spoločnosť Slovenského červeného kríža | |
| 260 | 2 | |3 3/1939-10/1939 |a Martin |b Riaditeľstvo Slovenského Červeného kríža | |
| 300 | |a 7 zv. |c 30-42 cm | ||
| 310 | |a 10x ročne | ||
| 362 | 0 | |a Roč. I, č. 1 (febr. 1939)-roč. VII, č. 1-2 (jan.-febr. 1945) | |
| 500 | |a Od r. 1941 rozmer zv. 30 cm | ||
| 500 | |a Za red. zodp.: 1939, Ľudovít Izák ; 1940, Ľudovít Čečetka ; 1941-1945, Fedor K. Skotnický | ||
| 500 | |a Podnázov: 1944-1945, úradný časopis Slovenského Červeného kríža | ||
| 500 | |a Bol povolený výmerom Okr. úradu v Martine čís. 1585/39 zo 4. 2. 1939 | ||
| 500 | |a Mal prílohu Boj o zdravie | ||
| 515 | |a Niektoré čísla vychádzajú ako dvojčíslo | ||
| 520 | |a Spolkový mesačník venovaný zdravotníckym otázkam a organizácii zdravotníctva na Slovensku | ||
| 610 | 2 | 7 | |a Slovenský Červený kríž |2 SNKKA |9 29683 |
| 650 | 0 | 7 | |a zdravotníctvo |2 SNKPH |9 1269 |
| 650 | 0 | 7 | |a starostlivosť o zdravie |2 SNKPH |9 1302 |
| 655 | 7 | |a odborné časopisy |2 SNKPH |9 70505 | |
| 700 | 1 | |a Izák, Ľudovít Ján, |d 1899-1978 |4 lso |9 172833 | |
| 700 | 1 | |a Skotnický, Fedor K. |4 lso |9 269359 | |
| 700 | 1 | |a Čečetka, Ľudovít |4 lso |9 269360 | |
| 752 | |a Slovensko |d Bratislava | ||
| 770 | 0 | |t Boj o zdravie |a 1337-2629 |w vtls010301026 | |
| 785 | 0 | 0 | |t Zvesti Červeného kríža |w vtls008883211 |
| 910 | |a snk | ||
| 916 | |a 1939-1945 | ||
| 999 | |c 5953 |d 7883 | ||
| 952 | |0 0 |1 0 |4 0 |7 0 |8 5 |a SNK |b SNK |d 2020-08-27 |i snkČSF 1243/58 |l 0 |o snkČSB 303/3/1941 D1 |p 17A1430723 |r 2026-02-21 20:26:49 |t č. 1-10 |w 2026-02-21 |y PREZ | ||
| 952 | |0 0 |1 0 |4 0 |7 0 |8 5 |a SNK |b SNK |d 2020-08-27 |i snkF 1191/68 |l 0 |o snkČSB 303/3/1941 D2 |p 17A1430724 |r 2026-02-21 20:26:49 |t č. 1-10 |w 2026-02-21 |y PREZ | ||
| 952 | |0 0 |1 0 |4 0 |7 0 |a SNK |b SNK |d 2013-09-09 |i snk 324/41 |l 0 |o snkČSB 303/2/1940 D1 |p 17A1023699 |r 2026-02-21 21:24:19 |w 2026-02-21 |y PREZ | ||
| 952 | |0 0 |1 0 |4 0 |7 0 |8 5 |a SNK |b SNK |d 2003-03-10 |i snkČSF 1241/58 |l 0 |o snkČSB 303/2/1940 |p 17A0376673 |r 2005-01-02 00:00:00 |t č. 1-10, neúplné |w 2026-02-21 |y PREZ |z Chýba č. 1, 3 | ||
| 952 | |0 0 |1 0 |4 0 |7 0 |a SNK |b SNK |d 2003-03-10 |f 1 |i snk 1498/42 |l 0 |o snkČSB 303/3/1941 |p 17A0376733 |r 2005-01-02 00:00:00 |t č. 1-10 |w 2026-02-21 |y PREZ | ||
| 952 | |0 0 |1 0 |4 0 |7 0 |a SNK |b SNK |d 2003-03-10 |f 1 |i snk 381/43 |l 0 |o snkČSB 303/4/1942 |p 17A0376672 |r 2005-01-02 00:00:00 |t č. 1-10 |w 2026-02-21 |y PREZ | ||
| 952 | |0 0 |1 0 |4 0 |7 0 |a SNK |b SNK |d 2003-04-09 |f 1 |i snk 930/41 |l 0 |o snkČSB 303/1/1939 |p 17A0379643 |r 2005-01-02 00:00:00 |t č. 1-10 |w 2026-02-21 |y PREZ | ||
| 952 | |0 0 |1 0 |4 0 |7 0 |a SNK |b SNK |d 2003-06-02 |f 1 |i snk 3265/44 |l 0 |o snkČSB 303/5/1943 |p 17A0386386 |r 2005-01-02 00:00:00 |t č. 1-10 |w 2026-02-21 |y PREZ | ||
| 952 | |0 0 |1 0 |4 0 |7 0 |a SNK |b SNK |d 2003-06-02 |f 1 |l 0 |o snkČSB 303/6/1944 |p 17A0386237 |r 2005-01-02 00:00:00 |t č. 1-10 |w 2026-02-21 |y PREZ | ||
| 952 | |0 0 |1 0 |4 0 |7 0 |a SNK |b SNK |d 2003-06-10 |f 1 |i snk 913/46 |l 0 |o snkČSB 303/7/1945 |p 17A0386599 |r 2005-01-02 00:00:00 |t č. 1-2 |w 2026-02-21 |y PREZ | ||
| 952 | |0 0 |1 0 |4 0 |7 0 |8 5 |a SNK |b SNK |d 2020-08-27 |i snkČSF 1244/58 |l 0 |o snkČSB 303/4/1942 D2 |p 17A1430726 |r 2026-02-21 22:04:52 |t č. 1-10 |w 2026-02-21 |y PREZ | ||
| 952 | |0 0 |1 0 |4 0 |7 0 |8 5 |a SNK |b SNK |d 2020-08-27 |i snkČSF 1245/58 |l 0 |o snkČSB 303/5/1943 D1 |p 17A1430727 |r 2026-02-21 22:04:52 |t č. 1-10 |w 2026-02-21 |y PREZ | ||
| 952 | |0 0 |1 0 |4 0 |7 0 |a SNK |b SNK |d 2020-08-27 |l 0 |o snkČSB 303/5/1943 D2 |p 17A1430728 |r 2026-02-21 22:04:52 |t č. 1-10 |w 2026-02-21 |y PREZ | ||
| 952 | |0 0 |1 0 |4 0 |7 0 |8 5 |a SNK |b SNK |d 2020-08-27 |i snkF 1192/68 |l 0 |o snkČSB 303/4/1942 D1 |p 17A1430725 |r 2026-02-21 22:08:56 |t č. 1-10 |w 2026-02-21 |y PREZ | ||
| 952 | |0 0 |1 0 |4 0 |7 0 |8 5 |a SNK |b SNK |d 2020-08-27 |i snkF 300/81 |l 0 |o snkČSB 303/6/1944 D1 |p 17A1430729 |r 2026-02-21 22:08:56 |t č. 1-10 |w 2026-02-21 |y PREZ | ||
| 952 | |0 0 |1 0 |4 0 |7 0 |8 5 |a SNK |b SNK |d 2020-08-27 |i snkXI. 2062/55 |l 0 |o snkČSB 303/6/1944 D2 |p 17A1430730 |r 2026-02-21 22:08:56 |t č 1-10, neúplné |w 2026-02-21 |y PREZ |z Chýba č. 1-2 | ||
| 952 | |0 0 |1 0 |4 0 |7 0 |8 5 |a SNK |b SNK |d 2020-08-27 |i snkČSF 1246/58 |l 0 |o snkČSB 303/7/1945 D1 |p 17A1430731 |r 2026-02-21 22:08:56 |t č. 1-2 |w 2026-02-21 |y PREZ | ||


